000
00249nam a22000977a 4500
999
_c
16259
_d
16259
003
OSt
008
200626b ||||| |||| 00| 0 eng d
100
_a
Kewal Krishan Dewett
_9
4655
245
_a
Indian economics: a development-oriented study
942
_c
BK